[Event "St Petersburg-ch Seniors Blitz (Women)"]
[Site "St Petersburg"]
[Date "2022.10.05"]
[Round "1"]
[White "Titorenko, Natalia I"]
[Black "Gladisheva, Tatjana"]
[Result "0-1"]
[WhiteElo "1924"]
[BlackElo "2125"]
[PlyCount "35"]
[EventDate "2022.10.05"]
[EventType "swiss (blitz)"]
[EventRounds "11"]
[EventCountry "RUS"]
[SourceTitle "CBM 210 Extra"]
[Source "ChessBase"]
[SourceDate "2022.11.30"]
[SourceVersion "1"]
[SourceVersionDate "2022.11.30"]
[SourceQuality "1"]

1. e4 e5 2. Nf3 d5 3. exd5 e4 4. Qe2 Nf6 5. Nc3 Be7 6. Nxe4 0-0 7. d3 Re8 8. Be3 Nxd5 9. 0-0-0 f5 10. Ned2 Nc6 11. g3 Be6 12. Nd4 Bf6 13. Nxe6 Rxe6 14. Qf3 Nxe3 15. fxe3 g6 16. Bg2 Qe7 17. Rhe1 Qb4 18. Nb3 0-1

[Event "St Petersburg-ch Seniors Rapid (Women)"]
[Site "St Petersburg"]
[Date "2022.10.04"]
[Round "8"]
[White "Mikhaylova, Irina"]
[Black "Titorenko, Natalia I"]
[Result "1-0"]
[WhiteElo "2219"]
[BlackElo "1942"]
[PlyCount "76"]
[EventDate "2022.10.03"]
[EventType "swiss (rapid)"]
[EventRounds "10"]
[EventCountry "RUS"]
[SourceTitle "EXT 2024"]
[Source "ChessBase"]
[SourceDate "2023.10.10"]
[SourceVersion "1"]
[SourceVersionDate "2023.10.10"]
[SourceQuality "1"]

1. d4 Nf6 2. c4 e6 3. Nf3 d5 4. cxd5 exd5 5. Qc2 Bb4+ 6. Nc3 Ne4 7. e3 0-0 8. Bd3 Bxc3+ 9. bxc3 Re8 10. 0-0 Nd7 11. c4 c6 12. Rb1 Nf8 13. Ba3 Ng6 14. cxd5 cxd5 15. Rfc1 Bg4 16. Ne5 Nxe5 17. dxe5 Rc8 18. Qa4 Rxc1+ 19. Rxc1 Bd7 20. Qxa7 Bc6 21. f3 Qa8 22. Qxa8 Rxa8 23. Bd6 Nxd6 24. exd6 Rd8 25. Rc3 Rxd6 26. Ra3 g6 27. Ra8+ Kg7 28. Rb8 Rd7 29. Kf2 f5 30. Ke2 Re7 31. Kd2 Kf6 32. Rf8+ Ke6 33. Kc3 Kd6 34. Kd4 Rd7 35. h4 Re7 36. Rf6+ Kc7 37. Rf8 Kd6 38. h5 Re6 1-0

[Event "St Petersburg-ch Seniors Rapid (Women)"]
[Site "St Petersburg"]
[Date "2022.10.04"]
[Round "9"]
[White "Titorenko, Natalia I"]
[Black "Bogumil, Tatiana"]
[Result "0-1"]
[WhiteElo "1942"]
[BlackElo "2082"]
[PlyCount "84"]
[EventDate "2022.10.03"]
[EventType "swiss (rapid)"]
[EventRounds "10"]
[EventCountry "RUS"]
[SourceTitle "EXT 2024"]
[Source "ChessBase"]
[SourceDate "2023.10.10"]
[SourceVersion "1"]
[SourceVersionDate "2023.10.10"]
[SourceQuality "1"]

1. e4 d6 2. d4 g6 3. Be3 Bg7 4. c3 Nf6 5. f3 Nfd7 6. Qd2 h6 7. Na3 c6 8. Nh3 a5 9. Nf2 a4 10. Nd3 Na6 11. Be2 Nc7 12. 0-0 d5 13. Nc2 Nb6 14. b3 h5 15. Nf2 Be6 16. e5 Qd7 17. Nd3 Bf5 18. Nc5 Qc8 19. Bd3 Bxd3 20. Qxd3 Ne6 21. Nxe6 Qxe6 22. Rab1 Qf5 23. Qxf5 gxf5 24. Rf2 0-0 25. Bg5 f6 26. exf6 exf6 27. Bd2 Rf7 28. Ne1 axb3 29. axb3 Bf8 30. Nd3 Bd6 31. g3 h4 32. Rg2 hxg3 33. hxg3 Re7 34. Re1 Rxe1+ 35. Nxe1 Ra1 36. Kh2 Rb1 37. b4 Nc4 38. Bf4 Rxe1 39. Bxd6 Nxd6 40. g4 fxg4 41. Rxg4+ Kf7 42. Rh4 Re3 0-1

[Event "St Petersburg-ch Seniors (Women)"]
[Site "St Petersburg"]
[Date "2022.10.02"]
[Round "9"]
[White "Titorenko, Natalia I"]
[Black "Mednikova, Svetlana"]
[Result "1-0"]
[WhiteElo "2024"]
[BlackElo "2092"]
[PlyCount "73"]
[EventDate "2022.09.24"]
[EventType "swiss"]
[EventRounds "9"]
[EventCountry "RUS"]
[SourceTitle "CBM 210 Extra"]
[Source "ChessBase"]
[SourceDate "2022.11.30"]
[SourceVersion "1"]
[SourceVersionDate "2022.11.30"]
[SourceQuality "1"]

1. e4 e5 2. Nf3 Nc6 3. Bb5 a6 4. Ba4 d6 5. c3 Bd7 6. d4 Nge7 7. Be3 Ng6 8. h4 h5 9. Nbd2 Be7 10. g3 Bf6 11. d5 Nb8 12. Bxd7+ Nxd7 13. Qe2 Ne7 14. c4 g6 15. 0-0 0-0 16. b4 a5 17. a3 c6 18. Nb3 axb4 19. axb4 Qc7 20. Rfc1 Rxa1 21. Rxa1 cxd5 22. cxd5 Qc3 23. Rb1 Qxb4 24. Nbd2 Qa4 25. Rxb7 Rb8 26. Ra7 Qc2 27. Rxd7 Rb1+ 28. Kg2 Nxd5 29. exd5 e4 30. Ne1 Qb2 31. Qf1 Ra1 32. Nxe4 Bc3 33. Nxc3 Qxc3 34. Qe2 Rxe1 35. Qf3 f5 36. Rd8+ Kf7 37. Rf8+ 1-0

[Event "St Petersburg-ch Seniors (Women)"]
[Site "St Petersburg"]
[Date "2022.09.30"]
[Round "7"]
[White "Vasiukova, Ekaterina"]
[Black "Titorenko, Natalia I"]
[Result "1/2-1/2"]
[WhiteElo "1675"]
[BlackElo "2024"]
[PlyCount "45"]
[EventDate "2022.09.24"]
[EventType "swiss"]
[EventRounds "9"]
[EventCountry "RUS"]
[SourceTitle "CBM 210 Extra"]
[Source "ChessBase"]
[SourceDate "2022.11.30"]
[SourceVersion "1"]
[SourceVersionDate "2022.11.30"]
[SourceQuality "1"]

1. d4 Nf6 2. Bf4 d6 3. Nc3 g6 4. e4 Bg7 5. Qd2 h6 6. h3 c6 7. 0-0-0 Qa5 8. e5 Nd5 9. exd6 Nxf4 10. Qxf4 e6 11. Nf3 Nd7 12. Kb1 g5 13. Qg3 Nf6 14. Ne5 Qd8 15. Nc4 Nd5 16. Nxd5 exd5 17. Ne3 Be6 18. Bd3 Qd7 19. Be2 0-0-0 20. Bg4 Qxd6 21. Qxd6 Rxd6 22. Nf5 Bxf5 23. Bxf5+ 1/2-1/2

[Event "RUS-chT (Women)"]
[Site "Sochi"]
[Date "2022.05.01"]
[Round "1.1"]
[White "Titorenko, Natalia I"]
[Black "Borisova, Ekaterina"]
[Result "0-1"]
[WhiteElo "2077"]
[BlackElo "2248"]
[PlyCount "62"]
[EventDate "2022.05.01"]
[EventType "team-tourn"]
[EventRounds "9"]
[EventCountry "RUS"]
[SourceTitle "CBM 208 Extra"]
[Source "ChessBase"]
[SourceDate "2022.07.31"]
[SourceVersion "1"]
[SourceVersionDate "2022.07.31"]
[SourceQuality "1"]
[WhiteTeam "Moscow Veterans (W)"]
[BlackTeam "Moscow Sbornaya (W)"]
[WhiteTeamCountry "RUS"]
[BlackTeamCountry "RUS"]

1. e4 g6 2. d4 Bg7 3. Nc3 d5 4. Nxd5 c6 5. Ne3 Qxd4 6. Qxd4 Bxd4 7. c3 Bg7 8. f3 Nd7 9. Nc4 Nc5 10. Be3 Ne6 11. 0-0-0 Nf6 12. h4 h6 13. g4 0-0 14. Ne2 Nd7 15. Ng3 Ne5 16. Nxe5 Bxe5 17. Ne2 Bg7 18. f4 Nc7 19. f5 h5 20. gxh5 gxf5 21. Rg1 Kh8 22. Ng3 fxe4 23. Nxe4 Nd5 24. Bg5 Bf5 25. Bd3 Bh7 26. Bb1 Be5 27. Rdf1 f6 28. Bd2 Rg8 29. c4 Rxg1 30. Rxg1 Nf4 31. h6 Ne2+ 0-1

[Event "Wch Seniors 65 (Women) 29th"]
[Site "Bucharest"]
[Date "2019.11.15"]
[Round "4"]
[White "Titorenko, Natalia I"]
[Black "Gandelman, Ita"]
[Result "1-0"]
[WhiteElo "2135"]
[BlackElo "1525"]
[PlyCount "29"]
[EventDate "2019.11.12"]
[EventType "swiss"]
[EventRounds "11"]
[EventCountry "ROU"]
[SourceTitle "CBM 193 Extra"]
[Source "ChessBase"]
[SourceDate "2020.01.31"]
[SourceVersion "1"]
[SourceVersionDate "2020.01.31"]
[SourceQuality "1"]

1. e4 e5 2. Nf3 Nc6 3. Bc4 h6 4. c3 Bc5 5. 0-0 Nf6 6. d4 exd4 7. cxd4 Bb6 8. e5 Nh7 9. d5 Ne7 10. Qc2 Ng6 11. e6 Qf6 12. exf7+ Kxf7 13. d6+ Kf8 14. Bd3 Kf7 15. Bxg6+ 1-0

[Event "RUS-chT Seniors final"]
[Site "Sochi"]
[Date "2019.05.04"]
[Round "4.5"]
[White "Titorenko, Natalia I"]
[Black "Goncharova, Natalia Olegovna"]
[Result "1/2-1/2"]
[WhiteElo "2089"]
[BlackElo "2249"]
[PlyCount "140"]
[EventDate "2019.05.01"]
[EventType "team-tourn"]
[EventRounds "9"]
[EventCountry "RUS"]
[SourceTitle "CBM 190 Extra"]
[Source "ChessBase"]
[SourceDate "2019.07.15"]
[SourceVersion "1"]
[SourceVersionDate "2019.07.15"]
[SourceQuality "1"]
[WhiteTeam "Moscow Legacy Square"]
[BlackTeam "Tatarstan Ladya"]
[WhiteTeamCountry "RUS"]
[BlackTeamCountry "RUS"]

1. e4 d6 2. d4 g6 3. Nc3 Nf6 4. Be3 Bg7 5. Qd2 Ng4 6. Bg5 h6 7. Bh4 Nd7 8. f3 Ngf6 9. Bc4 0-0 10. Nge2 c5 11. a4 cxd4 12. Nxd4 Ne5 13. Bb3 a6 14. a5 Qc7 15. Bxf6 exf6 16. Nd5 Qc5 17. Nb6 Rb8 18. Bd5 Nd7 19. b4 Qc7 20. Nc4 b5 21. axb6 Nxb6 22. Nxb6 Rxb6 23. Ra3 Bb7 24. Bxb7 Qxb7 25. c3 Re8 26. 0-0 d5 27. exd5 Qxd5 28. Ra5 Qd6 29. Rd1 f5 30. Rc5 Qe7 31. Nc6 Qe3+ 32. Qxe3 Rxe3 33. Nd4 Rd6 34. Kf2 Re8 35. f4 Re4 36. Kf3 Bxd4 37. Rxd4 Rexd4 38. cxd4 Rxd4 39. Rc8+ Kg7 40. Rc6 Rd3+ 41. Kf2 Ra3 42. h4 Ra4 43. g3 Kf8 44. h5 Kg7 45. hxg6 f6 46. Kg2 Kxg6 47. Rb6 h5 48. Kh3 Ra1 49. Kg2 Ra4 50. Kf3 Ra3+ 51. Kg2 Ra1 52. Kf3 Ra2 53. Rc6 Ra4 54. Rb6 a5 55. bxa5 Rxa5 56. Rb3 Ra7 57. Kg2 Rh7 58. Kh3 Re7 59. Ra3 Re1 60. Rb3 Re2 61. Ra3 Rf2 62. Ra4 Re2 63. Ra3 Re7 64. Rb3 Rg7 65. Rb8 Kh7 66. Rf8 Kg6 67. Ra8 Kh7 68. Rf8 Rg6 69. Rf7+ Kh6 70. Rf8 Kg7 1/2-1/2

[Event "RUS-chT Seniors final"]
[Site "Sochi"]
[Date "2019.05.01"]
[Round "1.5"]
[White "Goncharova, Natalia Olegovna"]
[Black "Titorenko, Natalia I"]
[Result "0-1"]
[WhiteElo "2249"]
[BlackElo "2089"]
[PlyCount "84"]
[EventDate "2019.05.01"]
[EventType "team-tourn"]
[EventRounds "9"]
[EventCountry "RUS"]
[SourceTitle "CBM 190 Extra"]
[Source "ChessBase"]
[SourceDate "2019.07.15"]
[SourceVersion "1"]
[SourceVersionDate "2019.07.15"]
[SourceQuality "1"]
[WhiteTeam "Tatarstan Ladya"]
[BlackTeam "Moscow Legacy Square"]
[WhiteTeamCountry "RUS"]
[BlackTeamCountry "RUS"]

1. e4 c5 2. Nf3 Nf6 3. Nc3 Nc6 4. Bb5 g6 5. 0-0 Bg7 6. d3 0-0 7. Be3 d6 8. Qc1 Bg4 9. Ne1 Nd4 10. f3 Be6 11. Bxd4 cxd4 12. Ne2 a6 13. Ba4 b5 14. Bb3 Bxb3 15. axb3 Qb6 16. Qd2 Rfc8 17. h3 a5 18. f4 b4 19. Nf3 Nd7 20. f5 Qc5 21. fxg6 hxg6 22. Rac1 Ne5 23. Qf4 Rf8 24. Qh4 Bf6 25. Qg3 Nxf3+ 26. Rxf3 Qg5 27. Qf2 Qd2 28. Qe1 Qxe1+ 29. Rxe1 Rac8 30. Rc1 Bg5 31. Ra1 Be3+ 32. Kf1 Rxc2 33. Rxa5 Rxb2 34. g3 Rb1+ 35. Kg2 Rxb3 36. Nf4 Rb2+ 37. Kf1 Rc8 38. Ra1 Rh2 39. Ke1 Rcc2 40. Rb1 b3 41. Nd5 b2 42. Nxe7+ Kg7 0-1

[Event "EU-ch Seniors 65 (Women)"]
[Site "Rhodes"]
[Date "2019.04.14"]
[Round "9"]
[White "Titorenko, Natalia I"]
[Black "Sinchurina, Tatiana"]
[Result "1-0"]
[WhiteElo "2153"]
[BlackElo "1967"]
[PlyCount "79"]
[EventDate "2019.04.06"]
[EventType "tourn"]
[EventRounds "9"]
[EventCountry "GRE"]
[SourceTitle "CBM 189 Extra"]
[Source "ChessBase"]
[SourceDate "2019.06.03"]
[SourceVersion "1"]
[SourceVersionDate "2019.06.03"]
[SourceQuality "1"]

1. e4 e5 2. Nf3 Nc6 3. Bc4 Be7 4. c3 Nf6 5. d3 d6 6. 0-0 Bg4 7. Nbd2 Na5 8. Bb5+ c6 9. Ba4 b5 10. Bc2 h5 11. h3 Bd7 12. Re1 h4 13. Nf1 Nh5 14. d4 g5 15. dxe5 Nc4 16. exd6 Nxd6 17. Ne5 Qc7 18. Nxd7 Qxd7 19. e5 Nc4 20. Qxd7+ Kxd7 21. b3 Nb6 22. Ne3 Rhg8 23. Be4 Nf4 24. Bb2 Kc7 25. Rad1 Rgd8 26. Kh2 a5 27. g3 hxg3+ 28. fxg3 Ne6 29. Rf1 Rf8 30. Ng4 a4 31. b4 Rad8 32. Rxd8 Nxd8 33. Bc1 Nd5 34. Bxd5 cxd5 35. Ne3 Nc6 36. Nxd5+ Kd7 37. Nxe7 Kxe7 38. Bxg5+ Ke6 39. Rf6+ Kd7 40. e6+ 1-0

[Event "Wch Seniors 65 (Women) 28th"]
[Site "Bled"]
[Date "2018.11.29"]
[Round "11"]
[White "Titorenko, Natalia I"]
[Black "Bujinlkham, Purevdorj"]
[Result "1-0"]
[WhiteElo "2158"]
[BlackElo "1848"]
[PlyCount "95"]
[EventDate "2018.11.18"]
[EventType "swiss"]
[EventRounds "11"]
[EventCountry "SLO"]
[SourceTitle "CBM 187 Extra"]
[Source "ChessBase"]
[SourceDate "2018.11.04"]
[SourceVersion "1"]
[SourceVersionDate "2018.11.04"]
[SourceQuality "1"]

1. e4 c5 2. Nf3 d6 3. d4 cxd4 4. Nxd4 Nf6 5. Nc3 a6 6. Nb3 b5 7. Be3 Nbd7 8. f3 Bb7 9. a4 b4 10. Na2 a5 11. c3 bxc3 12. Nxc3 g6 13. Bb5 Bg7 14. e5 dxe5 15. Nc5 Bc8 16. Qd2 0-0 17. Rd1 Ra7 18. Ne6 fxe6 19. Bxa7 Qc7 20. Bf2 Nb6 21. 0-0 Nbd5 22. Ne4 Ne8 23. Rc1 Qd8 24. Bc6 Nef6 25. Rc5 Nxe4 26. fxe4 Nb4 27. Rd1 Qb6 28. Bb5 Qb7 29. Rdc1 h5 30. Rc7 Qa8 31. Qg5 Kh7 32. Qxe7 Rg8 33. Re1 Ba6 34. Ra7 Qc8 35. Bxa6 Nxa6 36. b3 Nb4 37. Qc7 Qxc7 38. Rxc7 Nd3 39. Rd1 Nxf2 40. Kxf2 Kh6 41. Ra7 Rb8 42. Rd3 Rb4 43. Rxa5 Rxe4 44. Rb5 Bf8 45. a5 Ba3 46. a6 Rf4+ 47. Ke2 Rf8 48. a7 1-0

[Event "Wch Seniors 65 (Women) 28th"]
[Site "Bled"]
[Date "2018.11.20"]
[Round "3"]
[White "Kozlovskaya, Valentina"]
[Black "Titorenko, Natalia I"]
[Result "1-0"]
[WhiteElo "2154"]
[BlackElo "2158"]
[PlyCount "97"]
[EventDate "2018.11.18"]
[EventType "swiss"]
[EventRounds "11"]
[EventCountry "SLO"]
[SourceTitle "CBM 187 Extra"]
[Source "ChessBase"]
[SourceDate "2018.11.04"]
[SourceVersion "1"]
[SourceVersionDate "2018.11.04"]
[SourceQuality "1"]

1. c4 Nf6 2. Nc3 g6 3. g3 Bg7 4. Bg2 c5 5. Nf3 0-0 6. 0-0 Nc6 7. d3 Rb8 8. h3 d6 9. Be3 e5 10. Qd2 Re8 11. Bg5 Be6 12. Ne1 Qd7 13. Nd5 Bxd5 14. cxd5 Nd4 15. e3 Nf5 16. g4 Ne7 17. e4 Kf8 18. Be3 Nc8 19. Rc1 Qc7 20. b4 b6 21. Bf3 Qb7 22. b5 a6 23. a4 Ra8 24. g5 Ng8 25. Bg4 axb5 26. axb5 Ra5 27. f4 exf4 28. Rxf4 Be5 29. Rf3 Rxb5 30. Be6 Re7 31. d4 Bg7 32. Nd3 Ke8 33. Bxc8 Qxc8 34. Nf2 Qa6 35. e5 cxd4 36. Qxd4 Bxe5 37. Qg4 Kf8 38. Nd3 Kg7 39. Nxe5 dxe5 40. d6 Ra7 41. Qc4 Qb7 42. Qxb5 Qxf3 43. Qxe5+ f6 44. gxf6+ Nxf6 45. Rf1 Qxf1+ 46. Kxf1 Rf7 47. Kg1 h6 48. Bd4 g5 49. Qxf6+ 1-0

[Event "Wch Seniors (Women) 24th"]
[Site "Katerini"]
[Date "2014.11.03"]
[Round "10"]
[White "Titorenko, Natalia I"]
[Black "Ankudinova, Elena"]
[Result "0-1"]
[WhiteElo "2123"]
[BlackElo "2121"]
[PlyCount "70"]
[EventDate "2014.10.24"]
[EventType "swiss"]
[EventRounds "11"]
[EventCountry "GRE"]
[SourceTitle "EXT 2015"]
[Source "ChessBase"]
[SourceDate "2014.11.20"]
[SourceVersion "1"]
[SourceVersionDate "2014.11.20"]
[SourceQuality "1"]

1. e4 c6 2. d3 d5 3. Nd2 e5 4. g3 Nf6 5. Bg2 Bd6 6. Ngf3 0-0 7. 0-0 Re8 8. h3 Nbd7 9. Re1 Qc7 10. Nh2 Nc5 11. Ndf1 h6 12. Ng4 Bxg4 13. hxg4 Ne6 14. Ne3 dxe4 15. dxe4 Rad8 16. c3 Rd7 17. Nf5 Bf8 18. Qf3 Nh7 19. Be3 Nhg5 20. Qe2 Red8 21. Red1 g6 22. Bxg5 Nxg5 23. Ne3 Bc5 24. Rxd7 Rxd7 25. Nc4 b5 26. Nd2 Qd8 27. Nb3 Bb6 28. Bf1 Rd6 29. Bg2 a5 30. a4 bxa4 31. Rxa4 Rf6 32. Qd2 Qb8 33. Kh1 Rxf2 34. Qc1 Qd8 35. Nxa5 Bxa5 0-1

[Event "Wch Seniors (Women) 24th"]
[Site "Katerini"]
[Date "2014.10.28"]
[Round "5"]
[White "Bogumil, Tatiana"]
[Black "Titorenko, Natalia I"]
[Result "1/2-1/2"]
[WhiteElo "2149"]
[BlackElo "2123"]
[PlyCount "82"]
[EventDate "2014.10.24"]
[EventType "swiss"]
[EventRounds "11"]
[EventCountry "GRE"]
[SourceTitle "EXT 2015"]
[Source "ChessBase"]
[SourceDate "2014.11.20"]
[SourceVersion "1"]
[SourceVersionDate "2014.11.20"]
[SourceQuality "1"]

1. Nf3 Nf6 2. c4 g6 3. Nc3 Bg7 4. e4 d6 5. d4 0-0 6. Be2 c6 7. 0-0 Qc7 8. Bg5 Nbd7 9. Qd2 Re8 10. Rfe1 e5 11. Bf1 Nf8 12. d5 Bg4 13. Nh4 Rad8 14. Bh6 Nh5 15. Bxg7 Nxg7 16. b4 Qe7 17. g3 Bc8 18. Qe3 a6 19. a4 f5 20. exf5 gxf5 21. Qh6 Qf7 22. a5 Qh5 23. Qd2 Qf7 24. Bg2 Bd7 25. Nf3 Nh5 26. Rad1 Nf6 27. Nh4 e4 28. Qf4 cxd5 29. Nxd5 Nxd5 30. Rxd5 Ng6 31. Qg5 Qe7 32. Qxe7 Nxe7 33. Rxd6 Nc6 34. Red1 Be6 35. c5 Rxd6 36. cxd6 Nxb4 37. g4 fxg4 38. Bxe4 Nc6 39. Nf5 Bxf5 40. Bxf5 Nxa5 41. Bxg4 Nc6 1/2-1/2